El conde Lucanor : (Registro nro. 8694)
[ vista simple ]
| 000 -LIDER | |
|---|---|
| fixed length control field | 00884nam a22002777a 4500 |
| 001 - NÚMERO DE CONTROL | |
| Identificador de número de control | 0123 |
| 003 - IDENTIFICACDOR DE NÚMERO DE CONTROL | |
| control field | DO-SdBNP |
| 005 - DATE AND TIME OF LATEST TRANSACTION | |
| control field | 20241009123944.0 |
| 007 - CAMPOS FIJOS DE DESCRIPCIÓN FÍSICA | |
| fixed length control field | 0123 |
| 008 - ELEMENTOS DE LONGITUD FIJA | |
| fixed length control field | 151005b1991 ag 00| 0 spa d |
| 020 ## - ISBN | |
| International Standard Book Number | 9501322025 |
| 040 ## - FUENTE DE CATALOGACIÓN | |
| Agencia que crea de manera original el registro | BPMSU |
| Idioma de catalogación | spa |
| Agencia que realiza la transcripción | BPMSU |
| 082 #4 - NÚMERO DE CLASIFICACIÓN DECIMAL DE DEWEY | |
| Classification number | 868.13 |
| Item number | J91c 1991 |
| Edition number | 22 |
| 092 ## - LOCALLY ASSIGNED DEWEY DECIMAL CALL NUMBER | |
| Número de clasificación | XXXX |
| Número de ítem (Cutter) | XXXX |
| 100 1# - ASIENTO PRINCIPAL -- NOMBRE PERSONAL | |
| Nombre personal | Juan Manuel |
| Fechas asociadas con el nombre | 1282-1348 |
| Numeración | Infante de Castilla |
| 245 13 - MENCIÓN DE TITULO | |
| Título | El conde Lucanor : |
| Subtítulo | selección / |
| Mención de responsabilidad | Don Juan Manuel ; selección, estudio y notas de María Elba Foix |
| 250 ## - MENCIÓN DE EDICION | |
| Materiales especificados | 2a. ed. |
| 260 ## - PUBLICACIÓN, DISTRIBUCIÓN, ETC. (PIE DE IMPRENTA) | |
| Lugar de publicación, distribución, etc | Buenos Aires, Argentina : |
| Nombre del editor, distribuidor, etc. | Kapelusz, |
| Fecha de publicación, distribución, etc | 1991. |
| 300 ## - DESCRIPCIÓN FÍSICA | |
| Extensión | 222 p. ; |
| Dimensiones | 17 cm. |
| 490 0# - MENCIÓN DE SERIES | |
| Mención de serie | Grandes obras de la literatura universal, |
| Volume/sequential designation | 54 |
| 590 ## - NOTA LOCAL | |
| Texto de la nota local | Inventariado, 2024/VM |
| 650 #4 - ENCABEZAMIENTO DE MATERIA--TEMÁTICO | |
| Fuente del encabezamiento o término | Literatura española |
| Subdivisión de forma | Colecciones de escritos |
| 700 1# - ASIENTO SECUNDARIO -- NOMBRE PERSONAL | |
| Nombre personal | Foix, María Elba |
| Mención de responsabilidad | selección |
| 910 ## - VALIDACIÓN | |
| Validación | VMateo V. Control de calidad. BPMSU |
| 942 ## - ADDED ENTRY ELEMENTS (KOHA) | |
| Source of classification or shelving scheme | Dewey Decimal Classification |
| Koha item type | Libros |
| Withdrawn status | Lost status | Source of classification or shelving scheme | Damaged status | Not for loan | Collection code | Home library | Current library | Date acquired | Source of acquisition | Total Checkouts | Full call number | Barcode | Date last seen | Price effective from | Koha item type | Copy number |
|---|---|---|---|---|---|---|---|---|---|---|---|---|---|---|---|---|
| Dewey Decimal Classification | Colección General | Biblioteca Pública Metropolitana Salomé Ureña | Biblioteca Pública Metropolitana Salomé Ureña | 11/13/2015 | FUNDI | BPMSU CG 868.13 J91c 1991 | BPMSU15110247 | 11/13/2015 | 11/13/2015 | Libros | ||||||
| Dewey Decimal Classification | Colección General | Biblioteca Pública Metropolitana Salomé Ureña | Biblioteca Pública Metropolitana Salomé Ureña | 11/13/2015 | FUNDI | BPMSU CG 868.13 J91c 1991 | BPMDU24100016 | 10/09/2024 | 11/13/2015 | Libros | e.2 |